15 największych miast USA i Kanady z mapą - Statystyki

Ogólne statystyki
  • Ten quiz został rozwiązany 33 razy
  • Średni wynik to 10 z 15
Odpowiedzi na mapie
Odpowiedzi zakodowano w zielono-czerwonej skali na mapie do tego quizu, zgodnie z poniższymi procentami.
 
Statystyki odpowiedzi
Populacja Państwo Miasto % Poprawnych
8,175,133 . Nowy Jork
96%
1,465,780 . Ottawa
93%
2,720,546 . Chicago
86%
3,971,883 . Los Angeles
82%
6,491,290 . Toronto
82%
2,296,224 . Houston
71%
4,377,310 . Montreal
71%
1,567,442 . Filadelfia
68%
2,707,920 . Vancouver
68%
1,300,092 . Dallas
64%
1,563,025 . Phoenix
61%
1,687,900 . Calgary
54%
1,469,845 . San Antonio
54%
1,394,298 . San Diego
46%
1,588,600 . Edmontom
4%
Nie znaleziono quizów pasujących do podanych kryteriów
Rozkład punktacji
Procent ludzi z każdym wynikiem
Percentyl według liczby udzielonych odpowiedzi
Twoja historia wyników
Nie rozwiązałeś tego quizu